Economics of poverty

Bibliographic Details
Main Author: Bhowmik, Debesh
Other Authors: Das, Debendra Kumar, Dr
Format: Book
Published: New Delhi : Deep & Deep Publication , 2007
Subjects:

MARC

LEADER 00000cam a2200000 7i4500
001 0000018897
005 20080611.0
008 080611
020 |a 8176299804 
090 0 0 |a 339.46   |b BHO 
100 1 |a Bhowmik, Debesh 
245 1 0 |a Economics of poverty   |c Debesh Bhowmik ; foreword by Dr. Debendra Kumar Das 
260 |a New Delhi :   |b Deep & Deep Publication ,   |c 2007 
650 0 |a Economic conditions 
650 0 |a Poverty 
700 1 |a Das, Debendra Kumar, Dr 
999 |a 0001022931   |b Book   |c REFERENCE   |e Perbadanan Perpustakaan Awam Johor 
999 |a 0001022932   |b Book   |c REFERENCE   |e Perbadanan Perpustakaan Awam Johor